| 000 | 00555nam a2200169 a 4500 | ||
|---|---|---|---|
| 001 | 235 | ||
| 003 | CDMR | ||
| 005 | 20130306120522.0 | ||
| 008 | 130130s1992||||||||||||||||||||||||||||d | ||
| 040 |
_aCDMR _bcat _cCDMR |
||
| 111 | 2 |
_aCongrés de Periodistes Catalans _cBarcelona _d1992 _n2n _9148 |
|
| 245 | 1 | 0 |
_aAnĂ lisi del perfil del periodista de Catalunya _b: [informe i treball de camp] |
| 260 |
_aBarcelona _c1992 _bOpina |
||
| 300 |
_a2 v ; _c30 cm |
||
| 500 | _aTreball encarregat a l'empresa Opina pel Col.legi de Periodistes de Catalunya | ||
| 942 |
_cMON _2ddc |
||
| 999 |
_c235 _d235 |
||